| 000 | 00000nam##2200000za#4500 |
| 001 | 9.665022 |
| 003 | CaOODSP |
| 005 | 20200330093304 |
| 007 | ta |
| 008 | 150407|2003||||xxc||||| f|0| 0 fre|d |
| 020 | |a0-662-67681-5 |
| 040 | |aCaOODSP|bfre |
| 041 | |aeng |
| 041 | |afre |
| 043 | |an-cn--- |
| 086 | 1 |aJS62-110/2003 |
| 110 | 1 |aCanada.|bSolliciteur général Canada. |bGendarmerie royale du Canada. |
| 245 | 13|aLa «traite» des êtres humains et le crime organisé : |bexamen de la littérature / |cpar Christine Bruckert [et] Colette Parent. |
| 260 | |aOttawa - Ontario : |bSolliciteur général Canada. |c2003. |
| 300 | |aTexte français, 36p. : |bréférences ; |c28 cm. |
| 563 | |aCouverture souple |
| 691 | 07|aCrime organisé|2gcpds |
| 720 | 1 |aBruckert, Christine |
| 720 | 1 |aParent, Colette |
| 776 | 0#|tLa «traite» des êtres humains et le crime organisé : |w(CaOODSP)9.631148 |
| 776 | 0#|tTrafficking in human beings and organized crime : |w(CaOODSP)9.686682 |
| 791 | |tTrafficking in human beings and organized crime : |eeng|w(CaOODSP)9.665021 |